| 000 | 00689cam a2200241 a 4500 | ||
|---|---|---|---|
| 999 |
_c1521 _d1521 |
||
| 001 | 1085305 | ||
| 003 | OSt | ||
| 005 | 20230110150417.0 | ||
| 008 | 121204s2011 enk 000 1 eng d | ||
| 020 |
_a9781407132099 _q(pbk.) |
||
| 040 |
_aPTTCL _beng _cPTTCL _dKH8 |
||
| 042 | _anbic | ||
| 082 | 0 | _aFIC COL | |
| 100 | 1 |
_aCollins, Suzanne. _eauthor |
|
| 245 | 1 | 0 |
_aCatching fire / _cSuzanne Collins. |
| 260 |
_aLondon, UK : _bScholastic, _c2011. |
||
| 300 |
_a472 p. ; _c20 cm. |
||
| 440 | 4 |
_aThe Hunger Games ; _vbk. 2. |
|
| 650 | 0 |
_aReality television programs _vJuvenile fiction. |
|
| 650 | 0 |
_aSurvival _vJuvenile fiction. |
|
| 650 | 0 |
_aCompetition _vJuvenile fiction. |
|
| 942 |
_2ddc _cFIC |
||